000 00556nam a2200181Ia 4500
008 240925s9999 xx 000 0 und d
020 _a9780471698685
082 _a004.67 DIL
100 _aDillman, Don A.; Smyth, Jolene D.
245 0 _aInternet, Mail, and Mixed-Mode Surveys: the tailored design method
250 _a3rd
260 _aNew Delhi:
_bJohn Wiley & Sons
_c,2009.
300 _axi,468p.
_bNA
_fOriginal
500 _aIncludes Index
600 _aComputer Science
650 _aComputer science, information & general works
942 _cBK
999 _c13186
_d13186